• 首页
  • 本馆介绍
  • 公告通知
  • 最新文献
  • 馆藏检索
  • 电子资源
  • 读者导购
  • 参考咨询
  • 我的图书馆
  • 登录
  • 详细信息显示
  • 放入我的书架
  • 预约/预借图书
  • 作者相关作品
  • 分类相关作品
  • 丛书相关作品
  • 出版社相关作品

书目信息

  • 表格格式
  • 工作单格式
  • 卡片格式
题名:
高中生自我教育
    
 
作者: 傅增文 著
分册:  
出版信息: 北京   中国社会出版社  2000.11
页数: 413页
开本: 32开
丛书名: 21世纪学生自我教育丛书
单 册:
中图分类: G631.06
科图分类:
主题词: 中学生--自我教育--研究
电子资源:
ISBN: 7-80146-479-6
000 00640nam0 2200217 45
001 0109251643
005 20031219104050.7
010    @a7-80146-479-6@dCNY29.00
100    @a20010925d2000 km y0chiy0120 ea
101 0  @achi
105    @a z 000yy
200 1  @a高中生自我教育@AGao Zhong Sheng Zi Wo Jiao Yu@f傅增文著@FFu Zeng Wen Zhu
210    @a北京@c中国社会出版社@d2000.11
215    @a413页@d32开
225    @a21世纪学生自我教育丛书
410    @12001 @a21世纪学生自我教育丛书
606 0  @a中学生@x自我教育@x研究
690    @aG631.06@v4
701    @a傅增文@4著
801    @aCN@bTSTC@c20010925
905    @f5@b298882-886@dG631.06@e50
    
    高中生自我教育/傅增文著.-北京:中国社会出版社,2000.11
    413页;32开.-(21世纪学生自我教育丛书)
    
    
    ISBN 7-80146-479-6:CNY29.00
    
●
相关链接 在E读中查询图书 在五车中查询图书 在当当中查询图书 在豆瓣中查询图书


正题名:高中生自我教育     索取号:G631.06/50         预约/预借

序号 登录号 条形码 馆藏地/架位号 状态 备注
1 0298882   202988829   第四借阅区/ [索取号:G631.06/50] 在馆    
2 0298883   202988838   第四借阅区/ [索取号:G631.06/50] 在馆    
3 0298884   202988847   第四借阅区/ [索取号:G631.06/50] 在馆    
4 0298885   202988856   第四借阅区/ [索取号:G631.06/50] 在馆    
5 0298886   202988865   第一样本阅览室/ [索取号:G631.06/50] 在馆    
唐山师范学院图书馆 欢迎您!
大连网信软件有限公司© 版权所有